000 00610nam a2200241Ia 4500
003 OSt
005 20220926043746.0
006 a|||||r|||| 00| 0
007 ta
008 220923b |||||||| |||| 00| 0 eng d
037 _cGeneral Book
040 _aRTL
_cRTL
_beng
041 _2eng
_aeng
082 _aW, J21.1;J7.1-.2
100 _aPopper K R
_976763
245 0 _aOpen society and its enemies
250 _a3
260 _c1952
490 _vV 1: Spell of Plato
650 _aPolitical Science
942 _hW, J21.1;J7.1-.2
_cGB
_2CC
999 _c673116
_d673116